الادارة والقضاء الاداري في الاسلام / (Record no. 33360)
[ view plain ]
| 000 -LEADER | |
|---|---|
| fixed length control field | 00734nam a22001817a 4500 |
| 003 - CONTROL NUMBER IDENTIFIER | |
| control field | JO-AjAnu |
| 005 - DATE AND TIME OF LATEST TRANSACTION | |
| control field | 20240326110715.0 |
| 008 - FIXED-LENGTH DATA ELEMENTS--GENERAL INFORMATION | |
| fixed length control field | 240326b jo ||||| |||| 00| 0 ara d |
| 040 ## - CATALOGING SOURCE | |
| Original cataloging agency | JO-AjAnu |
| Transcribing agency | JO-AjAnu |
| 041 #0 - LANGUAGE CODE | |
| Language code of text/sound track or separate title | ara |
| 100 #1 - MAIN ENTRY--PERSONAL NAME | |
| Personal name | سمارة، احسان عبد المنعم عبد الهادي |
| 9 (RLIN) | 65151 |
| Relator term | مؤلف |
| 245 20 - TITLE STATEMENT | |
| Title | الادارة والقضاء الاداري في الاسلام / |
| Statement of responsibility, etc. | تأليف احسان عبد المنعم عبد الهادي سمارة |
| 250 ## - EDITION STATEMENT | |
| Edition statement | الطبعة الاولى |
| 260 ## - PUBLICATION, DISTRIBUTION, ETC. | |
| Place of publication, distribution, etc. | عمان : |
| Name of publisher, distributor, etc. | دار يافا العلمية ، |
| Date of publication, distribution, etc. | 2000 |
| 300 ## - PHYSICAL DESCRIPTION | |
| Extent | 264 صفحة |
| 650 70 - SUBJECT ADDED ENTRY--TOPICAL TERM | |
| Topical term or geographic name entry element | النظام الاردني - القضاء الاردني - الاسلام |
| 9 (RLIN) | 65155 |
| 942 ## - ADDED ENTRY ELEMENTS (KOHA) | |
| Source of classification or shelving scheme | Library of Congress Classification |
| Koha item type | Books |
| Suppress in OPAC | No |
| Withdrawn status | Lost status | Source of classification or shelving scheme | Damaged status | Not for loan | Home library | Current library | Date acquired | Total Checkouts | Full call number | Barcode | Date last seen | Price effective from | Koha item type |
|---|---|---|---|---|---|---|---|---|---|---|---|---|---|
| Library of Congress Classification | مكتبة جامعة عجلون الوطنية | مكتبة جامعة عجلون الوطنية | 26/03/2024 | BP173.6.S265 2000 | A29766 | 26/03/2024 | 26/03/2024 | Books |